000 00830nam a22002657a 4500
005 20140529020002.0
008 140528b2011 xxu||||| |||| 00| 0 eng d
020 _a9780262015080
041 _aeng
044 _axxu
082 0 0 _a658.4
_bD143k
100 1 _aDalkir, Kimiz.
_924322
245 1 0 _aKnowledge management in theory and practice /
_bKimiz Dalkir ; foreword by Jay Liebowitz.
250 _a2nd ed.
260 _aCambridge, Mass
_b MIT Press
_cc2011
300 _axv, 485 p.
_bil.
_c24 cm.
504 _aIncluye referencias bibliográficas e índice.
505 _aWhat is knowledge management?
505 _aHistory of knowledge management
505 _aWhy is km important today?
505 _aKey points
505 _aDiscussion points
650 _aKnowledge management
_912424
942 _2ddc
_cImpreso
_01
999 _c8464
_d8464